000 00734cab a2200217 4500
001 WB2718-18
008 090401t1991 xxu||||| |||| 00| 0 eng d
035 _a(Sirsi) u69820
041 _aeng
245 _aRural housing policy
260 _c1991
350 _a0
490 _aPlanning (for the Natural and Built Environment)
_vno 916 3/5/91 p7
520 _aTo successfully integrate newcomers to rural areas , plans for new housing should take account of the existing composition of local populations states a report by the Sussex Action with Communities in Rural England .
650 _aPLANNING
650 _aRURAL DEVELOPMENT
650 _aSOCIAL STRUCTURE
690 _aHOUSING
942 _n0
948 _c04/03/1997
999 _c43893
_d43893